[Event "CRO-chT"]
[Site "Tucepi"]
[Date "1996.??.??"]
[Round "?"]
[White "Jurkovic, Ante"]
[Black "Messing, Hrvoje"]
[Result "1/2-1/2"]
[WhiteElo "2335"]
[BlackElo "2335"]

1.e4 c5 2.Nf3 e6 3.d4 cxd4 4.Nxd4 a6 5.Bd3 Nc6 6.Nxc6 dxc6 7.O-O Bc5 8.Nd2 e5
9.Qh5 Qe7 10.Nc4 Bd4 11.c3 g6 12.Qe2 Ba7 13.Be3 Bxe3 14.Qxe3 Nf6 15.Nb6 Rb8
16.Bc4 O-O 17.Rad1 Bg4 18.f3 Be6 19.Rf2 Rbd8 20.Rfd2 Rxd2 21.Rxd2 Kg7 22.Bxe6 Qxe6
23.b4 Re8 24.Qc5 Nh5 25.Qd6 Nf4 26.Qxe6 Nxe6 27.Kf2 Rd8 28.Rxd8 Nxd8 29.Ke3 f6
30.Kd3 Kf7 31.Nc4 Ke6 32.Ne3 b5  1/2-1/2

[Event "Paks GM"]
[Site "Ungarn"]
[Date "1996.??.??"]
[Round "?"]
[White "Weteschnik, Martin"]
[Black "Horvath, Csaba"]
[Result "0-1"]
[WhiteElo "2020"]
[BlackElo "2540"]

1.e4 c5 2.Nf3 e6 3.d4 cxd4 4.Nxd4 a6 5.Bd3 Bc5 6.Nb3 Ba7 7.Nc3 Nc6 8.f4 d6
9.Qe2 Nf6 10.Bd2 b5 11.g4 Bb7 12.h4 h5 13.g5 Ng4 14.Nd1 Qb6 15.Rh3 a5 16.a4 bxa4
17.Rxa4 Nb4 18.Rxa5 Nxd3+ 19.Rxd3 Ba6 20.Be3 Nxe3 21.Qxe3 Qb4+ 22.c3 Qc4
23.Rd4 Qf1+ 24.Kd2 O-O 25.Qf2 Bxd4 26.Qxd4 Qxf4+  0-1

[Event "CZE-ch (Women)"]
[Site "Usti nad Labem"]
[Date "1996.??.??"]
[Round "1"]
[White "Ryvova, Anna"]
[Black "Svobodova, Michaela"]
[Result "1-0"]
[WhiteElo "1780"]
[BlackElo "2150"]

1.e4 c5 2.Nf3 e6 3.d4 cxd4 4.Nxd4 a6 5.Bd3 g6 6.Be3 Bg7 7.Nd2 Ne7 8.N4b3 Nbc6
9.Nc4 Qc7 10.Bb6 Qf4 11.Be3 Qf6 12.Qd2 e5 13.Bg5 Qe6 14.Nc5 Qg4 15.f3 Qh5
16.g4 Qh3 17.Qf2 Nd4 18.Nd2 d6 19.Nxa6 bxa6 20.Rg1 f6 21.Bf1 Qxf1+ 22.Nxf1 fxg5
23.c3 Ne6 24.O-O-O Nf4 25.Qd2 O-O 26.Ne3 Be6 27.Kb1 d5 28.exd5 Nexd5 29.Nxd5 Bxd5
30.Qe3 Rfd8 31.Rd2 Bc4 32.Rgd1 Re8 33.Rd7 Be6 34.R7d2 Re7 35.Qb6 a5 36.Rd8+ Rxd8
37.Qxd8+ Bf8 38.Qxa5 Rf7 39.Qxe5 Bg7 40.Qb8+ Rf8 41.Rd8 Bd5 42.a4 Bxf3 43.a5 Bxg4
44.a6 Bf5+ 45.Ka1 h5 46.a7 Be4 47.a8=Q Bxa8 48.Qxa8 g4 49.Qa2+ Kh8 50.Rxf8+ Bxf8
51.Qf7 Bh6 52.Qf6+ Kh7 53.c4 Nh3 54.Qf7+ Bg7 55.c5 Ng5 56.Qb7 Ne6 57.c6 Nd8
58.Qxg7+  1-0

[Event "Vienna op"]
[Site "Vienna"]
[Date "1996.??.??"]
[Round "8"]
[White "Zude, Arno"]
[Black "Schlosser, Michael"]
[Result "1-0"]
[WhiteElo "2410"]
[BlackElo "2380"]

1.e4 c5 2.Nf3 e6 3.d4 cxd4 4.Nxd4 a6 5.Bd3 Nf6 6.O-O d6 7.c4 g6 8.Nc3 Bg7
9.Nb3 O-O 10.Be2 Nc6 11.Bf4 Ne8 12.Qd2 b6 13.Rfd1 Ne5 14.Rac1 Qc7 15.f3 Bb7
16.Kh1 f5 17.exf5 gxf5 18.Qe3 Rf6 19.Na4 Nd7 20.c5 bxc5 21.Naxc5 Nxc5 22.Nxc5 Qe7
23.Nxb7 Qxb7 24.Bc4 d5 25.Bb3 Rg6 26.Be5 Bh6 27.f4 Bf8 28.Qc3 Nd6 29.Qc6 Qxc6
30.Rxc6 Ne4 31.Rxd5 Re8 32.Rd7 Bc5 33.g3 Nf2+ 34.Kg2 Ne4 35.Rcc7 h5 36.Rg7+ Rxg7
37.Rxg7+ Kf8 38.Rh7 Rd8 39.Rh8+ Ke7 40.Rxd8 Kxd8 41.Bxe6 Nd6 42.Bxd6 Bxd6
43.Bxf5 h4 44.Kf3 hxg3 45.hxg3  1-0

[Event "Siembra Villa Ballester op"]
[Site "Villa Ballester"]
[Date "1996.??.??"]
[Round "3"]
[White "Juarez, Alberto"]
[Black "Panno, Oscar"]
[Result "1/2-1/2"]
[WhiteElo "2290"]
[BlackElo "2485"]

1.e4 c5 2.Nf3 e6 3.d4 cxd4 4.Nxd4 a6 5.Bd3 g6 6.Nc3 Bg7 7.Be3 Ne7 8.Qd2 d5
9.Nde2 h6 10.O-O-O Nbc6 11.exd5 exd5 12.Bf4 Qa5 13.Kb1 Be6 14.Nc1 O-O-O 15.Nb3 Qb6
16.Na4 Qa7 17.Rhe1 g5 18.Bg3 Nf5 19.Nac5 Nxg3 20.hxg3 Rhe8 21.Re2 Bf8 22.Nxe6 fxe6
23.Bg6 Re7 24.Rxe6 Rxe6 25.Bf5 Rd6 26.Re1 Nd8 27.Nd4 Qb6 28.Nxe6 Nxe6 29.Rxe6 Rxe6
30.Qxd5 Qxf2 31.Qxe6+ Kb8 32.a3 Ka7 33.g4 Qb6 34.Qxb6+ Kxb6  1/2-1/2

[Event "Villa Martelli op"]
[Site "Villa Martelli"]
[Date "1996.??.??"]
[Round "8"]
[White "Bronstein, Luis"]
[Black "Spangenberg, Hugo"]
[Result "0-1"]
[WhiteElo "2415"]
[BlackElo "2505"]

1.e4 c5 2.Nf3 e6 3.d4 cxd4 4.Nxd4 a6 5.Bd3 Bc5 6.Nb3 Ba7 7.Qe2 Nc6 8.Be3 d6
9.O-O e5 10.c4 Be6 11.Bxa7 Rxa7 12.Nc3 Nf6 13.Nd5 Nd7 14.Qe3 b6 15.a4 Nc5
16.Nd2 a5 17.f4 exf4 18.Nxf4 O-O 19.Nf3 Nb4 20.Rac1 Nxa4 21.Bb1 Nc5 22.e5 dxe5
23.Qxe5 Bg4 24.Rce1 g6 25.h3 Nc6 26.Qc3 Bxf3 27.Qxf3 Qd4+ 28.Kh1 Nb4 29.Qg3 Qxb2
30.Nxg6 hxg6 31.Bxg6 Qg7 32.Rf4 Nbd3  0-1

[Event "JUG-ch (Women) 1"]
[Site "Vrnjacka Banja"]
[Date "1996.??.??"]
[Round "?"]
[White "Manakova, Maria"]
[Black "Khurtsidze, Nino"]
[Result "1/2-1/2"]
[WhiteElo "2290"]
[BlackElo "2365"]

1.e4 c5 2.Nf3 e6 3.d4 cxd4 4.Nxd4 a6 5.Bd3 Nc6 6.Nxc6 dxc6 7.Nd2 Qc7 8.Nc4 b5
9.Ne3 Nf6 10.a4 Bb7 11.O-O Bd6 12.h3 O-O 13.Bd2 c5 14.axb5 axb5 15.Rxa8 Bxa8
16.Bxb5 Nxe4 17.Bd3 Qc6 18.Re1 Bc7 19.Bxe4 Qxe4 20.Bc3 Rd8 21.Qg4 Qxg4 22.hxg4 f6
23.f3 Bc6 24.Rd1 Ra8 25.Kf2 Kf7 26.b3 Ke7 27.Ra1 Rxa1 28.Bxa1 Be8 29.Bb2 Kd7
30.g3 Kc6 31.Bc3 Bg6 32.Be1 h5 33.gxh5 Bxh5 34.Ke2 Bg6 35.Bf2 e5 36.Kd1 Ba5
37.Be1 Bc7 38.Bf2 Bf7 39.Nf5 g6 40.Ne3 f5 41.Ke2 Be6 42.Kd1 Bd6 43.Ke2 g5
44.Kd3 f4 45.gxf4 exf4 46.Nc4 Bf5+ 47.Kd2 Be7 48.Bg1 Kd5 49.Bf2  1/2-1/2

[Event "JUG-ch (Women) 3"]
[Site "Vrnjacka Banja"]
[Date "1996.??.??"]
[Round "?"]
[White "Zarkovic, Danijela"]
[Black "Sakotic, Jasna"]
[Result "1-0"]
[WhiteElo "2160"]
[BlackElo "2100"]

1.e4 c5 2.Nf3 e6 3.d4 cxd4 4.Nxd4 a6 5.Bd3 Bc5 6.Nb3 Ba7 7.c4 Nc6 8.O-O d6
9.Kh1 Nf6 10.f4 h5 11.Nc3 Ng4 12.Qe1 Nb4 13.Bb1 Qc7 14.Qe2 Bd7 15.Bd2 O-O-O
16.Nd1 Nc6 17.Ne3 Nd4 18.Nxd4 Bxd4 19.Nd1 Bc6 20.Bd3 Rde8 21.Rc1 Kb8 22.b4 d5
23.b5 dxe4 24.Bxe4 Bxe4 25.Qxe4 Rd8 26.bxa6 bxa6 27.Rb1+ Bb6 28.Bb4 f5 29.Qf3 Qxc4
30.Ba5 Rxd1 31.Rxb6+ Kc8 32.Qb7+  1-0

[Event "JUG-chT"]
[Site "Vrnjacka Banja"]
[Date "1996.??.??"]
[Round "?"]
[White "Pikula, Dejan"]
[Black "Tosic, Miroslav"]
[Result "0-1"]
[WhiteElo "2455"]
[BlackElo "2415"]

1.e4 c5 2.Nf3 e6 3.d4 cxd4 4.Nxd4 a6 5.Bd3 d6 6.O-O Nd7 7.c4 Ngf6 8.Nc3 Be7
9.b3 O-O 10.Bb2 Re8 11.Kh1 Bf8 12.Qe2 Ne5 13.Bc2 Ng6 14.Rad1 Qc7 15.Qd2 b6
16.f4 Bb7 17.f5 exf5 18.Nd5 Nxd5 19.exd5 b5 20.cxb5 Bxd5 21.Nxf5 Bb7 22.bxa6 Bxa6
23.Rf2 Ne5 24.h3 Re6 25.Rc1 Qb7 26.Ne3 Rh6 27.Kg1 Bb5 28.a4 Bc6 29.Rcf1 Re8
30.Bxe5 dxe5 31.Rxf7 Qb6 32.a5 Qd4 33.Qxd4 exd4 34.Ng4 Rh5 35.a6 Bb5 36.R1f5 Re1+
37.Kh2 Bd6+ 38.g3 Rxf5 39.Rxf5 d3 40.Bxd3 Bxd3 41.a7 Ra1 42.a8=Q+ Rxa8 43.Rd5 Ra2+
44.Kg1 Rb2  0-1

[Event "NBG Open Weilburg"]
[Site "Weilburg"]
[Date "1996.??.??"]
[Round "3"]
[White "Kummerow, Heiko"]
[Black "Gipslis, Aivars"]
[Result "1/2-1/2"]
[WhiteElo "2265"]
[BlackElo "2470"]

1.e4 c5 2.Nf3 e6 3.d4 cxd4 4.Nxd4 a6 5.Bd3 g6 6.c4 Bg7 7.Nc2 Nc6 8.O-O d6
9.Nc3 Nf6 10.f4 O-O 11.Qf3 Qc7 12.Be3 b6 13.Rac1 Bb7 14.Na1 Rac8 15.a3 Nd7
16.b4 a5 17.Nb5 Qb8 18.Bd2 axb4 19.axb4 Na7 20.Nc3 Nc6 21.Nb5 Na7 22.Nc3 Nc6  1/2-1/2

[Event "Werfen op-A"]
[Site "Werfen"]
[Date "1996.??.??"]
[Round "7"]
[White "Hresc, Vladimir"]
[Black "Staller, Peter"]
[Result "1/2-1/2"]
[WhiteElo "2435"]
[BlackElo "2350"]

1.e4 c5 2.Nf3 e6 3.d4 cxd4 4.Nxd4 a6 5.Bd3 Nc6 6.Be3 Nf6 7.O-O d5 8.exd5 Nxd5
9.Nxc6 bxc6 10.Bd2 Be7 11.c4 Nf6 12.Qe2 Ra7 13.Be3 Rd7 14.Bc2 O-O 15.Nc3 Qc7
16.Na4 c5 17.f3 Bd6 18.g3 Bb7 19.Rad1 Be7 20.Bf4 Qc6 21.Rxd7 Qxd7 22.Nc3 Bc6
23.Be3 Qb7 24.Ba4 h6 25.Bxc6 Qxc6 26.Rd1 Rc8 27.b3 Kf8 28.Bf4 Nh5 29.Be5 Nf6
30.Rd3 Nd7 31.Bf4 g5 32.Qd1 gxf4 33.Rxd7 Ke8 34.Rd3 Rd8 35.gxf4 f5 36.Kf2 Rxd3
37.Qxd3 Bf6 38.Ne2 Ke7 39.Ke3 Qb6 40.Qd2 Qb8 41.Kd3 Qb7 42.Qe3 Qb4 43.Kc2 Qa3
44.Kd1 a5 45.Ke1 Kf7 46.Qd2 Ke7 47.Kf1 Bb2 48.Qe3 Kd6 49.Qd3+ Ke7 50.Qb1 Kf7
51.Kg2 Kf6 52.Kg3 Ke7 53.Kg2 Kf6 54.Kh3 Kf7 55.Ng3 Bd4 56.Kh4 Qb4 57.Qd3 Qe1
58.Qe2 Qc1 59.Nh5 Qg1 60.Kh3 Bf2 61.Ng3 Bxg3 62.hxg3 Qh1+ 63.Qh2 Qxf3 64.Qg1 h5
65.Kh2 h4 66.gxh4 Qxf4+ 67.Kh3 Qf3+ 68.Kh2 Qf4+ 69.Kh3 Qf3+ 70.Kh2  1/2-1/2

[Event "Werfen op-A"]
[Site "Werfen"]
[Date "1996.??.??"]
[Round "7"]
[White "Klovans, Janis"]
[Black "Bezold, Michael"]
[Result "1/2-1/2"]
[WhiteElo "2530"]
[BlackElo "2495"]

1.e4 c5 2.Nf3 e6 3.d4 cxd4 4.Nxd4 a6 5.Bd3 Bc5 6.Nb3 Ba7 7.O-O Nc6 8.Nc3 Nf6
9.Qe2 d6 10.Be3 b5 11.Rfd1 O-O 12.a4 b4 13.Nb1 e5 14.N1d2 Bg4 15.f3 Be6 16.Bxa7 Rxa7
17.a5 Qc7 18.Bc4 Rc8 19.Bxa6 Rca8 20.Bd3 Nxa5 21.Nxa5 Rxa5 22.Rxa5 Rxa5 23.b3 Kf8
24.Nc4 Ra2 25.Qd2 Qc5+ 26.Kh1 Ke7 27.Be2 Bxc4 28.Bxc4 h6 29.g3 g5 30.Qe2 Nd7
31.Kg2 Nb6 32.Bd3 Qd4 33.Rd2 Ra1 34.Qf2 Qxf2+ 35.Kxf2 Ke6 36.Bf1 Ke7 37.Bb5 Ra5
38.Be2 Nd7 39.Bc4 Nc5 40.Ke3 Ra1 41.Rf2 Re1+ 42.Kd2 Ra1  1/2-1/2

[Event "Witley"]
[Site "Witley"]
[Date "1996.??.??"]
[Round "1"]
[White "Stisis, Yaacov"]
[Black "Rotman, Daniel"]
[Result "1-0"]
[WhiteElo "2365"]
[BlackElo "2345"]

1.e4 c5 2.Nf3 e6 3.d4 cxd4 4.Nxd4 a6 5.Bd3 Qb6 6.Nb3 Qc7 7.c4 d6 8.O-O Nf6
9.Nc3 Be7 10.Bf4 b6 11.Bg3 Nbd7 12.f4 g6 13.Be2 O-O 14.Qd4 Nc5 15.Nxc5 Qxc5
16.Qxc5 bxc5 17.e5 Ne8 18.Rad1 Bb7 19.f5 gxf5 20.exd6 Bf6 21.Bf2 Bxc3 22.bxc3 Nf6
23.Bxc5 Ne4 24.Bb6 Nxc3 25.Rd2 Nxe2+ 26.Rxe2 Bc6 27.Bd4 Rfb8 28.Bf6 Kf8 29.Re3 Rb4
30.Rd1 Ra7 31.c5 Rg4 32.Rb3 Rxg2+ 33.Kf1  1-0

[Event "Wuerzburg op"]
[Site "Wuerzburg"]
[Date "1996.??.??"]
[Round "6.6"]
[White "Kogan, Artur"]
[Black "Bezold, Michael"]
[Result "1-0"]
[WhiteElo "2495"]
[BlackElo "2485"]

1.e4 c5 2.Nf3 e6 3.d4 cxd4 4.Nxd4 a6 5.Bd3 Bc5 6.Nb3 Ba7 7.c4 Nc6 8.Nc3 Nge7
9.O-O d6 10.Re1 O-O 11.Be3 e5 12.Bxa7 Rxa7 13.Qd2 Be6 14.Bf1 b6 15.Red1 Rd7
16.Rac1 f5 17.f3 f4 18.Nd5 g5 19.Qf2 Nc8 20.c5 bxc5 21.Bxa6 Bxd5 22.exd5 N6e7
23.Bd3 Ra7 24.Qc2 Kg7 25.Bxh7 c4 26.Nd2 Nb6 27.Be4 Rxa2 28.Kh1 Qb8 29.h3 Rc8
30.Qb1 Ra5 31.Bf5 Rf8 32.Be6 Nbxd5 33.Ne4 Rb5 34.Nxg5 Rh8 35.Bxd5 Nxd5 36.Qf5 Nf6
37.Rxc4 Rxb2 38.Ne6+  1-0

[Event "Yalta op"]
[Site "Yalta"]
[Date "1996.??.??"]
[Round "6"]
[White "Shaposhnikov, Evgeny"]
[Black "Averkin, Orest N"]
[Result "1-0"]
[WhiteElo "2320"]
[BlackElo "2455"]

1.e4 c5 2.Nf3 e6 3.d4 cxd4 4.Nxd4 a6 5.Bd3 Nf6 6.O-O d6 7.c4 g6 8.Nc3 Bg7
9.Re1 O-O 10.Bf1 b6 11.Be3 Bb7 12.f3 Qc7 13.Rc1 Nbd7 14.b4 Rac8 15.Qd2 Rfd8
16.Na4 Qb8 17.Qf2 d5 18.exd5 exd5 19.c5 b5 20.Nc3 Ne5 21.Qh4 Re8 22.a4 bxa4
23.Nxa4 Nfd7 24.b5 axb5 25.Nxb5 Ba6 26.Rb1 Bxb5 27.Bxb5 Qc7 28.Qg3 Re6 29.Nb6 Nxb6
30.cxb6 Rxb6 31.Rec1 Rxb5 32.Rxb5 Qd7 33.Rxc8+ Qxc8 34.Rxd5 Qa8 35.Rd1 h5
36.h3 Qa2 37.Qf2 Qa4 38.Qe2 Kh7 39.Kh1  1-0

[Event "Yalta op"]
[Site "Yalta"]
[Date "1996.??.??"]
[Round "6"]
[White "Kuzmin, Gennadi P"]
[Black "Kozel, Roman"]
[Result "1-0"]
[WhiteElo "2535"]
[BlackElo "2365"]

1.e4 c5 2.Nf3 e6 3.d4 cxd4 4.Nxd4 a6 5.Bd3 Bc5 6.Nb3 Ba7 7.Qe2 Nc6 8.Be3 Nge7
9.O-O O-O 10.c4 e5 11.Bxa7 Rxa7 12.Qe3 d6 13.Nc3 Be6 14.Rfd1 Qb8 15.Be2 b6
16.Nd5 Nc8 17.Rac1 f6 18.f4 f5 19.fxe5 dxe5 20.exf5 Bxf5 21.Bf3 Be6 22.c5 b5
23.Nb6 N6e7 24.Be4 Rc7 25.Rf1 Rd8 26.Rcd1 Na7 27.Rd6 Bc4 28.Nxc4 bxc4 29.Qh3 h6
30.Rxh6 Nf5 31.Rh8+  1-0

[Event "Yalta op"]
[Site "Yalta"]
[Date "1996.??.??"]
[Round "9"]
[White "Varitski, Igor"]
[Black "Eljanov, Pavel"]
[Result "1-0"]
[WhiteElo "2310"]
[BlackElo "2155"]

1.e4 c5 2.Nf3 e6 3.d4 cxd4 4.Nxd4 a6 5.Bd3 Nc6 6.Nxc6 bxc6 7.O-O d5 8.c4 Nf6
9.Nc3 Be7 10.Qa4 Bd7 11.e5 Ng4 12.cxd5 Nxe5 13.dxe6 Nxd3 14.exd7+ Qxd7 15.Rd1 O-O
16.Qe4 Rad8 17.Be3 Rfe8 18.Bb6 Ba3 19.Qc4 Bxb2 20.Rab1 Qf5 21.Bxd8 Qxf2+
22.Kh1 Bxc3 23.Qxd3 Re3 24.Bh4  1-0

[Event "Yalta op"]
[Site "Yalta"]
[Date "1996.??.??"]
[Round "10"]
[White "Koziak, Vitali"]
[Black "Kushch, Nikolai"]
[Result "1-0"]
[WhiteElo "2450"]
[BlackElo "2370"]

1.e4 c5 2.Nf3 e6 3.d4 cxd4 4.Nxd4 a6 5.Bd3 Nf6 6.O-O Qc7 7.Qe2 d6 8.c4 g6
9.Nc3 Bg7 10.Be3 O-O 11.Rac1 Nbd7 12.f4 Re8 13.Kh1 b6 14.b4 Bb7 15.Nb3 Rac8
16.a4 Qb8 17.Rc2 Nh5 18.Qf2 f5 19.exf5 gxf5 20.Qh4 Nhf6 21.Nd4 d5 22.Bxf5 exf5
23.Nxf5 Rxe3 24.Qg5 Ne8 25.Nxe3 d4 26.Nf5 Kh8 27.Nxg7 Nxg7 28.Nd5 Qd6 29.Ne7 Qxb4
30.Nxc8 Bxc8 31.c5 Ne6 32.Qe7 Nef8 33.f5 d3 34.f6 Qg4 35.Rc4 Qg8 36.c6 Nc5
37.a5 Be6 38.Rd4 Ng6 39.Rd8  1-0

[Event "Yalta op"]
[Site "Yalta"]
[Date "1996.??.??"]
[Round "10"]
[White "Hvorostinin, Gennadi"]
[Black "Eljanov, Vladimir"]
[Result "0-1"]
[WhiteElo "2180"]
[BlackElo "2325"]

1.e4 c5 2.Nf3 e6 3.d4 cxd4 4.Nxd4 a6 5.Bd3 g6 6.O-O Bg7 7.c3 Nf6 8.Be3 O-O
9.f4 d6 10.h3 Nbd7 11.Nd2 b6 12.Qe2 Bb7 13.Bc2 Qc7 14.Rae1 Nc5 15.Bf2 e5
16.fxe5 dxe5 17.Bg3 Nh5 18.Bh2 Rad8 19.N4f3 Nf4 20.Bxf4 exf4 21.e5 Rfe8 22.Nc4 Bxf3
23.Qxf3 b5 24.Nd6 Rxe5 25.Ne4 Rde8 26.b4 Nxe4 27.Rxe4 Rxe4 28.Bxe4 Qxc3 29.Qxc3 Bxc3
30.Bb7 Bd4+ 31.Kh1 Re6 32.Rd1 Bf2 33.Bc8 Rc6 34.Bb7 Rb6 35.Rd7 Re6 36.Rd1 g5
37.Bc8 Rc6 38.Bb7 Rb6 39.Bc8 Kf8 40.Rf1 Be3 41.Rd1 Ke7 42.g3 fxg3 43.Re1 Kd8
44.Bf5 Bf2 45.Rd1+ Ke7 46.Rd7+ Ke8 47.Ra7 Rd6 48.Ra8+ Ke7 49.Bxh7 Rd2 50.Kg2 Be1+  0-1

[Event "Yalta op"]
[Site "Yalta"]
[Date "1996.??.??"]
[Round "10"]
[White "Kuzmin, Gennadi P"]
[Black "Mikhaletz, Lubomir"]
[Result "1-0"]
[WhiteElo "2535"]
[BlackElo "2360"]

1.e4 c5 2.Nf3 e6 3.d4 cxd4 4.Nxd4 a6 5.Bd3 Nf6 6.O-O Qc7 7.Qe2 d6 8.Kh1 Nc6
9.Nxc6 bxc6 10.f4 d5 11.Nd2 Be7 12.b3 h6 13.Bb2 O-O 14.e5 Nd7 15.f5 exf5
16.Bxf5 Nc5 17.Bxc8 Raxc8 18.Qg4 Ne6 19.Nf3 c5 20.c4 dxc4 21.Qxc4 Qb7 22.Rac1 Qb5
23.Bc3 Qxc4 24.bxc4 Rfd8 25.Rcd1 Rxd1 26.Rxd1 Rd8 27.Rxd8+ Bxd8 28.Kg1 Kf8
29.Kf2 Ke7 30.Ke3 Kd7 31.Ke4 Kc6 32.g4 Be7 33.Ba5 g6 34.Bd2 Bf8 35.h4 Kd7
36.Be3 Kc6 37.h5 g5 38.Ng1 Kd7 39.Ne2 Nd8 40.Kd5 Nc6 41.Bd2 Nd8 42.Ng3 Ne6
43.Nf5 Nc7+ 44.Ke4 Ne6 45.Be3 Nd8 46.Nd6 Ke6 47.Bxc5 Nc6 48.Nb7 Bg7 49.Ba3 Nxe5
50.Nc5+ Kd6 51.Nxa6+ Ke6 52.Nc5+ Kd6 53.Nd3+ Ke6 54.Bf8  1-0

[Event "Yalta op"]
[Site "Yalta"]
[Date "1996.??.??"]
[Round "11"]
[White "Kostenko, Igor"]
[Black "Eljanov, Vladimir"]
[Result "0-1"]
[WhiteElo "2285"]
[BlackElo "2325"]

1.e4 c5 2.Nf3 e6 3.d4 cxd4 4.Nxd4 a6 5.Bd3 g6 6.c4 Bg7 7.Be3 Ne7 8.Nc3 d5
9.exd5 exd5 10.O-O O-O 11.Re1 dxc4 12.Bxc4 Nd7 13.Bg5 Nf6 14.Bb3 h6 15.Bh4 Nf5
16.Nxf5 Bxf5 17.Qf3 Qb6 18.Re7 Rad8 19.Rxb7 Qd4 20.Bg3 Ne4 21.Rd1 Nd2 22.Qc6 Bg4
23.Rc1 Nxb3 24.Rxb3 Be6 25.Rb7 Qd2 26.Rf1 Rc8 27.Qa4 Rc4 28.Qxa6 Rxc3 29.bxc3 Bc8
30.c4 Qe2 31.Qb5 Bxb7 32.Qxb7 Qxc4 33.Qb3 Qe2 34.a4 Ra8 35.Bc7 Bd4 36.a5 Re8
37.Bb6 Qxf2+  0-1

[Event "Yerevan ol (Men)"]
[Site "Yerevan"]
[Date "1996.??.??"]
[Round "1"]
[White "Mifsud, Timothy"]
[Black "Torre, Eugenio"]
[Result "0-1"]
[WhiteElo "2230"]
[BlackElo "2535"]

1.e4 c5 2.Nf3 e6 3.d4 cxd4 4.Nxd4 a6 5.Bd3 g6 6.O-O Bg7 7.Nb3 Nc6 8.Nc3 d6
9.Kh1 Nf6 10.f4 O-O 11.Qf3 Qc7 12.Be3 b5 13.a3 Bb7 14.Qh3 Rae8 15.Rad1 Bc8
16.Qg3 Bb7 17.Qh3 Bc8 18.Qg3 Nh5 19.Qe1 f5 20.exf5 gxf5 21.Be2 Nf6 22.Bf3 Kh8
23.Qd2 d5 24.Nd4 Na5 25.b3 Bd7 26.Nde2 Rc8 27.Bd4 Nc6 28.Bxf6 Bxf6 29.Bxd5 Nb8
30.Qe3 Bxc3 31.Bxe6 Bg7 32.Bxd7 Nxd7 33.Nd4 Qb6 34.Qe7 Nc5  0-1

[Event "Yerevan ol (Women)"]
[Site "Yerevan"]
[Date "1996.??.??"]
[Round "1"]
[White "Aslanian, Ludmila K"]
[Black "Ioseliani, Nana"]
[Result "0-1"]
[WhiteElo "2180"]
[BlackElo "2500"]

1.e4 c5 2.Nf3 e6 3.d4 cxd4 4.Nxd4 a6 5.Bd3 Qc7 6.O-O Nf6 7.Qe2 d6 8.c4 g6
9.b3 Bg7 10.Bb2 O-O 11.Nd2 Nh5 12.Qe3 Nc6 13.N2f3 Nb4 14.Bb1 e5 15.Ne2 b5
16.a3 Nc6 17.cxb5 axb5 18.Rc1 Be6 19.Nc3 Qb7 20.b4 Rac8 21.Ba2 Nd4 22.Bxe6 fxe6
23.Nd2 Nf4 24.Kh1 Bh6 25.g3 Qg7 26.gxf4 Bxf4 27.Qd3 Qh6 28.Nf1 Bxh2 29.Ne2 Nxe2
30.Qxe2 Bf4+ 31.Kg2 Bxc1 32.Bxc1 Rxc1 33.Rxc1 Qxc1 34.Qxb5 Qxa3 35.Ne3 Qb2
36.Ng4 h5  0-1

[Event "Yerevan ol (Women)"]
[Site "Yerevan"]
[Date "1996.??.??"]
[Round "2"]
[White "Uskova, Fliura"]
[Black "Tamin, Upi Darmayana"]
[Result "0-1"]
[WhiteElo "2310"]
[BlackElo "2175"]

1.e4 c5 2.Nf3 e6 3.d4 cxd4 4.Nxd4 a6 5.Bd3 g6 6.c4 Bg7 7.Ne2 d6 8.O-O Nd7
9.Nbc3 Ngf6 10.f3 O-O 11.Be3 b6 12.Qd2 Ne5 13.Rad1 Qc7 14.b3 Rd8 15.Bb1 Rb8
16.h3 b5 17.cxb5 axb5 18.f4 Nc6 19.f5 b4 20.Na4 d5 21.fxg6 hxg6 22.Qc1 Ba6
23.Rf2 Nxe4 24.Bxe4 dxe4 25.Nd4 Rbc8 26.Nxc6 Rxd1+ 27.Qxd1 Qxc6 28.Nc5 Bb5
29.Qg4 Qd5 30.Rd2 Bd3 31.Nxd3 exd3 32.Qd1 Rd8 33.Qf3 Bc3 34.Qxd5 Rxd5 35.Rd1 e5
36.g4 e4 37.Kg2 f5 38.h4 fxg4 39.Kg3 Rf5 40.Kxg4 Be5 41.Bc5 Rf3 42.Rg1 d2  0-1

[Event "Yerevan op"]
[Site "Yerevan"]
[Date "1996.??.??"]
[Round "2"]
[White "Kudrin, Sergey"]
[Black "Bakhtadze, Giorgi"]
[Result "1/2-1/2"]
[WhiteElo "2535"]
[BlackElo "2335"]

1.e4 c5 2.Nf3 e6 3.d4 cxd4 4.Nxd4 a6 5.Bd3 Nf6 6.O-O d6 7.c4 b6 8.Nc3 Bb7
9.f4 Be7 10.Kh1 Nbd7 11.Qe2 Qc7 12.Bd2 O-O 13.f5 Nc5 14.fxe6 fxe6 15.Bc2 a5
16.b3 Rfe8 17.a3 Bf8 18.b4 axb4 19.axb4 Na6 20.Ba4 Re7 21.Rab1 Rc8 22.Bb3 Qd7
23.Ba2 Nc7 24.Rbd1 Qe8 25.Bg5 Qg6 26.Bxf6 gxf6 27.Ncb5 Nxb5 28.cxb5 Rce8
29.Nc6 Rg7 30.Rd3 Bc8 31.Rg3 Qf7 32.Qf2 Qh5 33.Bc4 d5 34.Be2 Qh6 35.exd5 Bd6
36.Rh3 Qg5 37.Rh5 Qg6 38.Qf3 exd5 39.Bd3 Qg4 40.Rxd5 Qxf3 41.Rxf3 Re6 42.Kg1 Bc7
43.Bc4 Kh8 44.Rd1 Re4 45.Bd5 Rf4 46.Re3 Bd7 47.g3 h5 48.Bg2 Rc4 49.Bd5 Rc2
50.Ra3 f5 51.Ra8+ Kh7 52.Rg8 Rb2 53.Rxg7+ Kxg7 54.Bf3 Be8 55.Re1 Kf8  1/2-1/2

[Event "Yerevan ol (Men)"]
[Site "Yerevan"]
[Date "1996.??.??"]
[Round "3"]
[White "Garcia, Gildardo"]
[Black "Akesson, Ralf"]
[Result "1/2-1/2"]
[WhiteElo "2495"]
[BlackElo "2500"]

1.e4 c5 2.Nf3 e6 3.d4 cxd4 4.Nxd4 a6 5.Bd3 Nf6 6.O-O Qc7 7.Nc3 d6 8.f4 Be7
9.Kh1 Nbd7 10.Qe1 b5 11.b4 Nb6 12.a3 Bb7 13.Nb3 Rc8 14.Bb2 Nc4 15.Bxc4 Qxc4
16.Na5 Qc7 17.Nxb7 Qxb7 18.e5 dxe5 19.fxe5 Nd7 20.Qe2 Rc4 21.Rae1 Qc6 22.Qd3 O-O
23.Re2 Rd8 24.Qe3 h6 25.Qf2 Rf8 26.Rd1 Bg5 27.Qa7 Rd8 28.Rd6 Qc8 29.Ne4 Rxc2
30.Rxc2 Qxc2 31.Nxg5 hxg5 32.Bd4 Qc8 33.h3 Nf8 34.Bc5 Rxd6 35.exd6 e5 36.Kg1 f6
37.Qc7 Qd7 38.Qb8 Kf7 39.Qa8 Ne6 40.Qxa6 Nf4 41.a4 bxa4 42.b5 g4 43.hxg4 Ne6
44.Ba3 Nf4 45.Qxa4 Qxg4 46.Qc4+ Kg6 47.Qc2+ Kf7 48.b6 Qg3 49.Qa2+ Kg6 50.Qc2+ f5
51.Bb4 Qe3+ 52.Qf2 Ne2+ 53.Kf1 Ng3+ 54.Kg1 Ne2+ 55.Kf1 Ng3+ 56.Kg1  1/2-1/2

[Event "Yerevan ol (Women)"]
[Site "Yerevan"]
[Date "1996.??.??"]
[Round "3"]
[White "Hernandez, Yadira"]
[Black "Ratcu, Tatiana"]
[Result "0-1"]
[WhiteElo "2240"]
[BlackElo "2190"]

1.e4 c5 2.Nf3 e6 3.d4 cxd4 4.Nxd4 a6 5.Bd3 Qc7 6.O-O Nf6 7.Qe2 d6 8.c4 Be7
9.Nc3 O-O 10.Be3 Bd7 11.Rac1 Rd8 12.f3 Be8 13.Qf2 Nbd7 14.Rfd1 Ne5 15.Be2 Rdc8
16.Nb3 Qb8 17.Qf1 b5 18.cxb5 axb5 19.Nxb5 Rxc1 20.Nxc1 Ra5 21.Nd4 Qxb2 22.Ndb3 Ra8
23.Bd4 Qc2 24.Rd2 Qc7 25.Qd1 Rc8 26.Ba6 Ra8 27.Rc2 Qd7 28.Qf1 Ng6 29.Bb6 Qa4
30.Ba5 d5 31.exd5 Nxd5 32.Rc4 Qd7 33.Rd4 Qa7 34.Bc4 Bf6 35.Bxd5 Bxd4+ 36.Kh1 exd5
37.Qd3 Bf6  0-1

[Event "Yerevan op"]
[Site "Yerevan"]
[Date "1996.??.??"]
[Round "4"]
[White "Kashashvili, Alexandre"]
[Black "Bakhtadze, Giorgi"]
[Result "1-0"]
[WhiteElo "2255"]
[BlackElo "2335"]

1.e4 c5 2.Nf3 e6 3.d4 cxd4 4.Nxd4 a6 5.Bd3 Nf6 6.O-O d6 7.c4 b6 8.Nc3 Bb7
9.Be3 Nbd7 10.Rc1 Nc5 11.f3 Nxd3 12.Qxd3 Be7 13.Rfd1 O-O 14.b3 Qc7 15.Qf1 Rac8
16.Qf2 Qb8 17.Nde2 Nd7 18.Bxb6 Nxb6 19.Qxb6 d5 20.Na4 Bd8 21.Qd4 dxe4 22.fxe4 Bc7
23.h3 Qa8 24.Nec3 f5 25.Nb6 Bxb6 26.Qxb6 Rf6 27.Rd4 e5 28.Rd6 Bxe4 29.Rxf6 gxf6
30.Qxf6 Rc6 31.Qxe5 Bxg2 32.Nd5 Be4 33.Kh2 Qa7 34.c5 Rg6 35.Nf6+ Kf7 36.Nxe4 fxe4
37.Rf1+  1-0

[Event "Yerevan ol (Men)"]
[Site "Yerevan"]
[Date "1996.??.??"]
[Round "5"]
[White "Magem Badals, Jorge"]
[Black "Hellsten, Johan"]
[Result "1/2-1/2"]
[WhiteElo "2570"]
[BlackElo "2490"]

1.e4 c5 2.Nf3 e6 3.d4 cxd4 4.Nxd4 a6 5.Bd3 Nf6 6.O-O Qc7 7.Qe2 d6 8.c4 Nbd7
9.f4 Be7 10.Nc3 b6 11.Nf3 Bb7 12.e5 dxe5 13.fxe5 Ng4 14.Bf4 g5 15.Nxg5 Ndxe5
16.Be4 Bxe4 17.Ncxe4 Qxc4 18.Qxc4 Nxc4 19.Rac1 b5 20.b3 Nb6 21.Bd6 Bxg5 22.Nxg5 Rc8
23.Bc5 Nc4 24.Bb4 Rg8 25.Nxf7 Rg7 26.Nd6+ Nxd6 27.Bxd6 Rxc1 28.Rxc1 Rg6 29.Bf4 Rf6
30.Bg3 Ne3 31.h3 h5 32.Bf2 Nd5 33.Bd4 Rf4 34.Bf2 Kd7 35.Rd1 Kd6  1/2-1/2

[Event "Yerevan ol (Women)"]
[Site "Yerevan"]
[Date "1996.??.??"]
[Round "6"]
[White "Ankerst, Milka"]
[Black "Ratcu, Tatiana"]
[Result "1-0"]
[WhiteElo "2195"]
[BlackElo "2190"]

1.e4 c5 2.Nf3 e6 3.d4 cxd4 4.Nxd4 a6 5.Bd3 Qc7 6.O-O Nf6 7.Nc3 Be7 8.Qe2 d6
9.Be3 Bd7 10.f4 Nc6 11.Rae1 b5 12.Nxc6 Bxc6 13.a3 O-O 14.Bd4 Rac8 15.Rf3 Nd7
16.Rg3 e5 17.Nd5 Qd8 18.Nxe7+ Qxe7 19.Bc3 Nc5 20.Qg4 f6 21.Qh4 Na4 22.fxe5 Nxc3
23.exd6 Qxd6 24.e5 Qc5+ 25.Kh1 f5 26.bxc3 Qxc3 27.Rh3 h6 28.Bxb5 Qxc2 29.Qc4+ Qxc4
30.Bxc4+ Kh8 31.Bxa6 Rcd8 32.Kg1 Rd2 33.Re2 Rxe2 34.Bxe2 Re8 35.Bh5 Rxe5
36.Rc3 Re6 37.Kf2 g6 38.Bd1 Be4 39.g3 Kg7 40.Be2 Kf6 41.a4 Bb7 42.Rb3 Ba6
43.Bf3 g5 44.h3 Kg6 45.a5 h5 46.Rb6 Rxb6 47.axb6 g4 48.Be2 Bb7 49.h4 Kf6
50.Ke3 Ke5 51.Bb5 Kd5 52.Kf4 Kc5 53.Be8 Kxb6 54.Bxh5 Kc7 55.Kxf5 Kd7 56.Kf6 Bd5
57.Bg6  1-0

[Event "Yerevan ol (Men)"]
[Site "Yerevan"]
[Date "1996.??.??"]
[Round "6"]
[White "Hracek, Zbynek"]
[Black "Urday, Henry"]
[Result "1-0"]
[WhiteElo "2625"]
[BlackElo "2450"]

1.e4 c5 2.Nf3 e6 3.d4 cxd4 4.Nxd4 a6 5.Bd3 Nf6 6.O-O Qc7 7.Qe2 d6 8.c4 g6
9.Nc3 Bg7 10.Rd1 O-O 11.Nf3 Nbd7 12.Bf4 Nh5 13.Bg5 h6 14.Be3 Re8 15.Rac1 b6
16.Qd2 Kh7 17.Bb1 Bf8 18.h3 Bb7 19.Nh2 Nhf6 20.b3 Rad8 21.Ng4 Ng8 22.Bd4 h5
23.Nh2 Ngf6 24.Nf3 Kg8 25.Ng5 Qb8 26.f4 Nh7 27.Nxh7 Kxh7 28.Rf1 Bh6 29.Be3 Bc6
30.Rcd1 Nc5 31.b4 Na4 32.f5 Bxe3+ 33.Qxe3 exf5 34.Nd5 Bxd5 35.Rxd5 b5 36.Qg5 Qa7+
37.c5 fxe4 38.Bxe4 Qe7 39.Rf6 Qxe4 40.Rxf7+ Kg8 41.Qf6  1-0